| 000 | 00852cam a2200253 a 4500 | ||
|---|---|---|---|
| 001 | 000005910 | ||
| 005 | 20200929151833.0 | ||
| 008 | 790619s1964 sp 000 faspa d | ||
| 040 |
_aDO-SdBNP _cFU _dOCoLC _dCNE _dDLC _dBNPHU |
||
| 042 | _apremarc | ||
| 043 | _ae-sp | ||
| 082 |
_a928.46 _bZ23h |
||
| 100 | 1 |
_aZamacois, Eduardo, _d1873-1971 _916667 |
|
| 245 | 1 | 3 |
_aUn hombre que se va : _bmemorias / _cEduardo Zamacois ; prólogo de Federico Carlos Sainz de Robles. |
| 260 |
_aBarcelona, : _bA H R, _c1964. |
||
| 300 |
_axiv, 510 p. ; _c19 cm. |
||
| 490 | 1 |
_aColección al año _v4 |
|
| 600 | 1 | 0 |
_aZAMACOIS, EDUARDO, _d1873-1971 _916668 |
| 650 | 4 |
_aAutores españoles _bBIOGRAFÍAS _916669 |
|
| 700 | 1 |
_aSainz de Robles, Federico Carlos, _epról. _916670 |
|
| 830 | 0 |
_aColección al año ; _v4 _916671 |
|
| 910 | _aCatalogación derivada | ||
| 049 | _aBNGR | ||
| 999 |
_c5706 _d5706 |
||